Kierkegaard's concept of faith / (Record no. 10525)

MARC details
000 -LEADER
fixed length control field 04035cam a2200397 i 4500
001 - CONTROL NUMBER
control field 877077480
003 - CONTROL NUMBER IDENTIFIER
control field OCoLC
005 - DATE AND TIME OF LATEST TRANSACTION
control field 20241128103500.0
008 - FIXED-LENGTH DATA ELEMENTS--GENERAL INFORMATION
fixed length control field 140415s2014 miu b 001 0 eng
010 ## -
-- 2014008817
020 ## - INTERNATIONAL STANDARD BOOK NUMBER
International Standard Book Number 9780802868060
Qualifying information (pbk. ;
-- alk. paper)
020 ## - INTERNATIONAL STANDARD BOOK NUMBER
International Standard Book Number 0802868061
Qualifying information (pbk. ;
-- alk. paper)
024 8# -
-- 40024132005
035 ## - SYSTEM CONTROL NUMBER
System control number (OCoLC)877077480
Canceled/invalid control number (OCoLC)869907965
040 ## - CATALOGING SOURCE
Original cataloging agency DLC
Language of cataloging eng
Description conventions rda
Transcribing agency DLC
Modifying agency BDX
-- SPB
-- YDXCP
-- OCLCF
-- TLE
-- BTCTA
-- CDX
-- LNT
-- YUS
-- NLGGC
-- CHVBK
-- OCLCQ
-- UAT
-- OCLCO
-- VLW
-- OCLCO
040 ## - CATALOGING SOURCE
Original cataloging agency DLC
Language of cataloging eng
Description conventions rda
Transcribing agency DLC
Modifying agency BDX
-- SPB
-- YDXCP
-- OCLCF
-- TLE
-- BTCTA
-- CDX
-- LNT
-- YUS
-- NLGGC
-- CHVBK
-- OCLCQ
-- UAT
-- OCLCO
-- VLW
-- OCLCO
042 ## -
-- pcc
050 00 -
-- BX4827.K5
-- W47 2014
082 00 - DEWEY DECIMAL CLASSIFICATION NUMBER
Classification number 234.23
Edition information 23
Item number WES
100 1# - MAIN ENTRY--PERSONAL NAME
Personal name Westphal, Merold
9 (RLIN) 18323
245 10 - TITLE STATEMENT
Title Kierkegaard's concept of faith /
Statement of responsibility, etc. Merold Westphal
264 #1 - PRODUCTION, PUBLICATION, DISTRIBUTION, MANUFACTURE, AND COPYRIGHT NOTICE
Place of production, publication, distribution, manufacture Grand Rapids, Michigan :
Name of producer, publisher, distributor, manufacturer Eerdmans Publishing Company,
Date of production, publication, distribution, manufacture, or copyright notice [2014]
300 ## - PHYSICAL DESCRIPTION
Extent x, 284 pages ;
Dimensions 23 cm
336 ## - CONTENT TYPE
Content type term text
Content type code txt
Source rdacontent
337 ## - MEDIA TYPE
Media type term unmediated
Media type code n
Source rdamedia
338 ## - CARRIER TYPE
Carrier type term volume
Carrier type code nc
Source rdacarrier
490 1# - SERIES STATEMENT
Series statement Kierkegaard as a Christian thinker
504 ## - BIBLIOGRAPHY, ETC. NOTE
Bibliography, etc. note Includes bibliographical references and index
505 0# - FORMATTED CONTENTS NOTE
Formatted contents note Part 1. Johannes de Silentio. Faith as the task of a lifetime -- Faith as trust in divine promises -- Faith as obedience to divine commands -- Interlude : three questions in medias res -- Faith as the teleological suspension of reason -- Faith as the highest passion -- Part 2. Johannes Climacus. Faith as the reception of revelation -- Faith as the happy passion that overcomes offense -- Faith as the passionate appropriation of an objective uncertainty -- Faith as a leap and a striving -- Faith as a striving pathos that goes against reason -- Part 3. Anti-Climacus. Faith as willing to be oneself : before God -- Faith as contemporaneity with Christ : without offense
520 ## - SUMMARY, ETC.
Summary, etc. In this book renowned philosopher Merold Westphal unpacks the writings of nineteenth-century thinker S©ıren Kierkegaard on biblical, Christian faith and its relation to reason. Across five books -- Fear and Trembling, Philosophical Fragments, Concluding Unscientific Postscript, Sickness Unto Death, and Practice in Christianity -- and three pseudonyms, Kierkegaard sought to articulate a biblical concept of faith by approaching it from a variety of perspectives in relation to one another. Westphal offers a careful textual reading of these major discussions to present an overarching analysis of Kierkegaard's conception of the true meaning of biblical faith. Though Kierkegaard presents a complex picture of faith through his pseudonyms, Westphal argues that his perspective is a faithful and illuminating one, making claims that are important for philosophy of religion, for theology, and most of all for Christian life as it might be lived by faithful people.--Amazon.com
520 ## - SUMMARY, ETC.
Summary, etc. In this book renowned philosopher Merold Westphal unpacks the writings of nineteenth-century thinker S©ıren Kierkegaard on biblical, Christian faith and its relation to reason. Across five books -- Fear and Trembling, Philosophical Fragments, Concluding Unscientific Postscript, Sickness Unto Death, and Practice in Christianity -- and three pseudonyms, Kierkegaard sought to articulate a biblical concept of faith by approaching it from a variety of perspectives in relation to one another. Westphal offers a careful textual reading of these major discussions to present an overarching analysis of Kierkegaard's conception of the true meaning of biblical faith. Though Kierkegaard presents a complex picture of faith through his pseudonyms, Westphal argues that his perspective is a faithful and illuminating one, making claims that are important for philosophy of religion, for theology, and most of all for Christian life as it might be lived by faithful people.--Amazon.com
600 10 - SUBJECT ADDED ENTRY--PERSONAL NAME
Personal name Kierkegaard, S©ıren,
Dates associated with a name 1813-1855
9 (RLIN) 17786
650 #0 - SUBJECT ADDED ENTRY--TOPICAL TERM
Topical term or geographic name entry element Faith
9 (RLIN) 2645
830 #0 -
-- Kierkegaard as a Christian thinker
-- 18324
942 ## - ADDED ENTRY ELEMENTS (KOHA)
Source of classification or shelving scheme Dewey Decimal Classification
Koha item type Books
Holdings
Withdrawn status Lost status Source of classification or shelving scheme Damaged status Not for loan Home library Current Library Shelving location Date acquired Total checkouts Full call number Barcode Date last seen Date last checked out Copy number Price effective from Koha item type
    Dewey Decimal Classification     GRACE BIBLE COLLEGE GRACE BIBLE COLLEGE Theology 2024-11-25 1 234.23 WES 020864 2026-02-05 2026-02-02 c.1 2024-11-25 Books
© Grace Bible College Library 2025